00868nam a2200193 i 4500001000700000003000900007005001700016008004100033040002000074100003900094245017500133260006200308300002600370597002100396650003900417852007700456999001900533952012200552151476ES-MaACL20250930063128.0970407s1786 it |||| | ita d aCLM bspa cCLM1 aAndrés, Juan, d1740-181792157610aLettera dell'abbate D. Giovanni Andres al sig. Comendatore Fra Gaetano Valenti Gonzaga ... sopra una pretesa cagione del corrompimento del gusto italiano nel secolo XVII. aIn Cremona : bapresso Lorenzo Manini, e Comp..., c1786. a61 p. ; c8º (19 cm) aSign.: A-C8, D7.04aArte italiano-yS.XVI-XVII.910234 aES-MaACLjR-1462 z-- Enc. piel con hierros dorados x Olim: G-124262 c151476d151476 001040708LIBXVIIIaATENEOMbATENEOMcDEPOd2008-01-17l0oR-1462p1158049r2023-02-23 00:00:00w2023-02-23yMONANT